Vencedores do Oscar de Melhor Filme - Statistics

Estatísticas Gerais
  • Esse quiz foi jogado 1 023 vezes
    923 desde o último reset
  • A pontuação média é 27 de 92
Estatísticas das Respostas
Ano Resposta % Correto
2020 Parasita
82%
1998 Titanic
76%
2017 Moonlight: Sob a Luz do Luar
71%
1973 O Poderoso Chefão
64%
2019 Green Book
62%
2018 A Forma da Água
58%
1995 Forrest Gump - O Contador de Histórias
55%
2016 Spotlight - Segredos Revelados
52%
2004 O Senhor dos Anéis - O Retorno do Rei
51%
1940 ... E O Vento Levou
49%
2001 Gladiador
49%
1994 A Lista de Schindler
47%
2015 Birdman ou (A Inesperada Virtude da Ignorância)
47%
1992 O Silêncio dos Inocentes
47%
1999 Shakespeare Apaixonado
47%
2011 O Discurso do Rei
46%
2014 12 Anos de Escravidão
45%
2000 Beleza Americana
44%
1944 Casablanca
42%
2007 Os Infiltrados
42%
2013 Argo
41%
2003 Chicago
41%
2009 Quem quer ser um Milionário?
41%
2006 Crash - No Limite
40%
2012 O Artista
40%
2010 Guerra ao Terror
39%
2008 Onde os Fracos Não Tem Vez
39%
1960 Ben-Hur
38%
2002 Uma Mente Brilhante
38%
2005 Menina de Ouro
37%
1977 Rocky, Um Lutador
37%
1996 Coração Valente
35%
1975 O Poderoso Chefão - Parte 2
35%
1976 Um Estranho no Ninho
32%
1985 Amadeus
31%
1980 Kramer versus Kramer
31%
1987 Platoon
31%
1997 O Paciente Inglês
29%
1929 Asas
28%
1989 Rain Man
28%
1991 Dança com Lobos
27%
1983 Gandhi
27%
1978 Noivo Neurótico, Noiva Nervosa
26%
1993 Os Imperdoáveis
26%
1990 Conduzindo Miss Daisy
25%
1966 A Noviça Rebelde
24%
1963 Lawrence da Arábia
24%
1962 Amor, Sublime Amor
23%
1972 Operação França
21%
1941 Rebecca - A Mulher Inesquecível
21%
1951 A Malvada
20%
1982 Carruagens de Fogo
20%
1959 Gigi
20%
1930.2 Nada de Novo no Front
20%
1988 O Último Imperador
20%
1961 Se Meu Apartamento Falasse
20%
1971 Patton, Rebelde ou Herói?
19%
1986 Entre Dois Amores
18%
1981 Gente como a Gente
18%
1979 O Franco-Atirador
18%
1935 Aconteceu Naquela Noite
17%
1974 Golpe de Mestre
17%
1949 Hamlet
17%
1984 Laços de Ternura
17%
1969 Oliver!
17%
1957 A Volta ao Mundo em 80 Dias
16%
1942 Como Era Verde O Meu Vale
16%
1933 Grande Hotel
16%
1956 Marty
16%
1965 Minha Bela Dama
16%
1970 Perdidos na Noite
16%
1955 Sindicato de Ladrões
16%
1931 Cimarron
15%
1930.1 Melodia Na Broadway
15%
1947 Os Melhores Anos de Nossas Vidas
15%
1958 A Ponte Sobre o Rio Kwai
14%
1934 Cavalgada
14%
1954 A Um Passo da Eternidade
13%
1938 Émile Zola
13%
1968 No Calor da Noite
13%
1952 Sinfonia de Paris
13%
1937 Ziegfeld - O Criador de Estrelas
13%
1964 As Aventuras de Tom Jones
12%
1939 Do Mundo Nada Se Leva
12%
1946 Farrapo Humano
12%
1936 O Grande Motim
12%
1967 O Homem Que Não Vendeu Sua Alma
12%
1953 O Maior Espetáculo da Terra
12%
1948 A Luz É Para Todos
11%
1945 O Bom Pastor
11%
1943 Rosa de Esperança
11%
1950 A Grande Ilusão
10%
Nenhum quiz correspondente encontrado
Distribuição das Pontuações
Porcentagem de Pessoas com Cada Pontuação
Percentil de Números Respondidos
Sua Pontuação Histórica
Você não jogou esse quiz desde o último reset